000 00728nam a22002177a 4500
003 UA-OsUOA
001 101696
007 ta
008 20130708b un ||||| |||| 00| 0 ukr d
100 _aЛаріонов П.
090 _a908
_bЛ25
942 _cSA
040 _aUA-OsUOA
_bukr
_cUA-OsUOA
_dUA-OsUOA
245 _a"Наш професор - один з десяти у світі знавців мови, якою розмовляв Ісус Христос"/ Інтерв'ю з ректором Острозької академії Ігором Пасічником
300 _aС.20
955 _a0
041 _aukr
080 _a908
773 0 _w101695
650 7 _a908 Краєзнавство
_2UDC
999 _c387915
_d387915